THE VEDIC PHILOSOPHY (Record no. 9384)

MARC details
000 -LEADER
fixed length control field 00355nam a22001457a 4500
003 - CONTROL NUMBER IDENTIFIER
control field SGT
020 ## - INTERNATIONAL STANDARD BOOK NUMBER
International Standard Book Number 9788190623094
082 ## - DEWEY DECIMAL CLASSIFICATION NUMBER
Classification number 294,5921,ARY
100 ## - MAIN ENTRY--PERSONAL NAME
Personal name SATYA PAL ARYA
245 ## - TITLE STATEMENT
Title THE VEDIC PHILOSOPHY
260 ## - PUBLICATION, DISTRIBUTION, ETC. (IMPRINT)
Place of publication, distribution, etc INDIA
Name of publisher, distributor, etc SHRI GHOODMAL PRAHLAD KUMAR ARYA
Year of Publication 2008
300 ## - PAGE DESCRIPTION
No. of Pages 141
650 ## - SUBJECT ADDED ENTRY--TOPICAL TERM
Topical term or geographic name as entry element VEDIC LITEATURE (OTHER RELIGIONS)
942 ## - ADDED ENTRY ELEMENTS (KOHA)
Source of classification or shelving scheme Dewey Decimal Classification
Koha item type FCM Books
Holdings
Withdrawn status Lost status Source of classification or shelving scheme Damaged status Not for loan Collection code Home library Current library Shelving location Date acquired Vendor Name Cost, normal purchase price SGTU Total Checkouts Full call number Accession No. (Barcode) Date last seen Date last borrowed Bill Date Koha item type
    Dewey Decimal Classification   Not For Loan COMMERCE MANAGEMENT SGT Science & Social Sciences Library SGT Science & Social Sciences Library Reference Book 01/07/2016 GIFT 120.00 SGTU 1 294,5921,ARY CM1238 14/11/2019 29/04/2019 01/07/2016 FCM Books